Visión de los vencidos: relaciones indígenas de la conquista

Saved in:
Bibliografiske detaljer
Hovedforfatter: León-Portilla, Miguel (Author)
Format: Bog
Sprog:spansk
Udgivet: Ciudad de México Universidad Nacional Autónoma de México 2007
Udgivelse:29a. ed
Fag:
Tags: Tilføj Tag
Ingen Tags, Vær først til at tagge denne postø!

MARC

LEADER 00000nam a2200000 a 4500
001 UCG2753
003 CL-VaPUC
008 100723e20070000MX |||||||||||||||||spa|d
020 |a 9789703244690 
082 0 4 |a 972.02  |b LEO  |2 21 
100 |a León-Portilla, Miguel  |e author  |9 603138 
245 1 0 |a Visión de los vencidos: relaciones indígenas de la conquista 
250 |a 29a. ed 
300 |a 312 p 
942 |c BK 
945 |d 20100723 00:00:00  |a mfarfan 
260 |a Ciudad de México  |b Universidad Nacional Autónoma de México  |c 2007 
650 7 |a LITERATURA AZTECA  |2 CL-VaPUC  |9 267674 
650 7 |a TRADUCCIONES AL ESPAÑOL  |2 CL-VaPUC  |9 551347 
650 0 |a Conquista española  |9 267777 
583 |a last modification  |c 20100723 00:00:00  |k Rodrigo Vera 
999 |c 341879  |d 341877 
952 |0 0  |1 0  |4 0  |6 972_020000000000000_LEO_2007  |7 0  |8 A  |9 437688  |a BIBHIS  |b BIBHIS  |d 2019-11-22  |i 4697634  |l 1  |o 972.02 LEO 2007  |p 4697634  |r 2025-01-20  |s 2021-03-09  |w 2019-11-22  |y BK  |k HIS